India in transition : (Record no. 124940)

MARC details
000 -LEADER
fixed length control field 00700nam a22002177a 4500
005 - DATE AND TIME OF LATEST TRANSACTION
control field 20170124105946.0
010 ## - LIBRARY OF CONGRESS CONTROL NUMBER
LC control number A-596652
020 ## - INTERNATIONAL STANDARD BOOK NUMBER
Terms of availability 00.00
International Standard Book Number 8185814082
035 ## - SYSTEM CONTROL NUMBER
System control number A-596652
037 ## - SOURCE OF ACQUISITION
Source of stock number/acquisition Cen Lib/Ret
040 ## - CATALOGING SOURCE
Original cataloging agency DPL
Language of cataloging EN
082 ## - DEWEY DECIMAL CLASSIFICATION NUMBER
Classification number 335.954
Item number GHO
100 ## - MAIN ENTRY--PERSONAL NAME
Personal name Ghosh, Arun
9 (RLIN) 12475
245 ## - TITLE STATEMENT
Title India in transition :
Statement of responsibility, etc by Arun Ghosh
Remainder of title economic policy option /
260 ## - PUBLICATION, DISTRIBUTION, ETC. (IMPRINT)
Place of publication, distribution, etc Allahabad
Name of publisher, distributor, etc Wheeler Publishing
Date of publication, distribution, etc 1992
270 ## - ADDRESS
Address 23, L. B. Shastri Marg
City Allahabad
300 ## - PHYSICAL DESCRIPTION
Extent 202p.
Dimensions 21cm(Hb)
650 ## - SUBJECT ADDED ENTRY--TOPICAL TERM
Topical term or geographic name as entry element Economic policy
9 (RLIN) 3998
650 ## - SUBJECT ADDED ENTRY--TOPICAL TERM
Topical term or geographic name as entry element India -- Economic policy -- 1980-
9 (RLIN) 27220
942 ## - ADDED ENTRY ELEMENTS (KOHA)
Source of classification or shelving scheme Dewey Decimal Classification
Koha item type English Books
Classification part 335.954
Call number suffix GHO
Holdings
Withdrawn status Lost status Damaged status Not for loan Home library Current library Date acquired Source of acquisition Cost, normal purchase price Total Checkouts Full call number Barcode Date last seen Copy number Cost, replacement price Price effective from Koha item type Public note
Written off       Central Library Central Library 19/06/2015 Cen Lib/Ret 0.00   335.954 GHO A-596652 19/06/2015 1 0.00 19/06/2015 English Books W/d list no. 6820/4

© Delhi Public Library
Hit Counter
free hit counter